000 00530 a2200157 4500
005 20250613081255.0
020 _a978-81-315-1871-7
082 _aLECT 658.404 KLO
100 _aKLOPPENBORG, T. J.
245 _aContemporary Project Management : Organize/ Plan/ Perform.
250 _a2nd Ed.
260 _aNew Delhi,
_bCengage Learning,
_c2012.
300 _axxi, 425p.: ill.; chart, picture, table
_bGlossary & Index
_c23cm.
856 _yAccess Online Book
_fContemporary Project Management
_dwww.cengage.co.in
942 _2ddc
_cBKS
999 _c3945
_d3945